Primary computing & digital technologies: knowledge, understanding & practice/

Saved in:
Bibliographic Details
Main Author: TURVEY, Keith
Format: Book
Language:English
Published: SAGE, 2016
Tags: Add Tag
No Tags, Be the first to tag this record!

MARC

LEADER 00000nam a22000007a 4500
008 210818b ||||| |||| 00| 0 eng d
020 |a ISBN: 978-1-4739-6156-2 
100 |a TURVEY, Keith. 
245 |a Primary computing & digital technologies: knowledge, understanding & practice/  |c Keith Turvey, John Potler, Jeromy Burton.-   |g  Ix,ill.317p. 
250 |b  7th ed.-   |c  Keith Turvey, John Potler, Jeromy Burton.- 
260 |b  SAGE,  |c  2016  |h  London   |i 692333 – EDU,  |i 692334  |l LB1028.43 .T84  |m 1. Information technology–Study and teaching (Elementary)–Great Britain.  |m 2. Computer – Assisted instruction  |m 3. Computer managed instruction.  |m 4. Elementary school teaching–Great Britain–Computer network resources.  |m 5. Information technology.  |m  I. Potter, John.  |m II. Burton , Jeremy  |m . III. Title. 
500 |a “It includes index and references” 
942 |a lcc  |c BK  |e j. o. ifatola  |f 18/ 08/ 2021 
952 |0 0  |1 0  |2 lcc  |4 0  |6 LB102843 T84  |7 0  |9 3118  |a ED  |b HOL  |c LP  |d 2021-08-18  |l 0  |o LB1028.43 .T84  |p 2021-66816  |r 2021-08-18 00:00:00  |w 2021-08-18  |y BK 
952 |0 0  |1 0  |2 lcc  |4 0  |6 LB102843 T84  |7 0  |9 3119  |a ED  |b HOL  |c LP  |d 2021-08-18  |l 0  |o LB1028.43 .T84  |p 2021-66817  |r 2021-08-18 00:00:00  |w 2021-08-18  |y BK 
999 |c 1579  |d 1579